Представление документа в формате MARC21

Поле Инд. ПП Название Значение
Тип записи a
Библиографический уровень b
001 Контрольный номер RU/IS/BASE/126873981
005 Дата корректировки 20200522190817.7
084 a Индекс другой классификации/Индекс ББК 60.842
a Индекс другой классификации/Индекс ББК 60.524.224.67
100 1_ a Автор Тихомирова Е. Б.
245 a Заглавие Связи с общественностью в Украине: трудный путь становления
504 a Библиография Библиогр. ссылки
650 a Основная рубрика паблик рилейшнз (связи с общественностью)
a Основная рубрика социальное управление
a Основная рубрика социология
653 a Ключевые слова общество
a Ключевые слова социальная коммуникация
a Ключевые слова Украина
773 t Заглавие источника Вестник Московского университета. Серия 18, Социология и политология
d Дата издания источника 2003
g Прочая информация № 3. - С. 127 - 138 : граф., схем.
w Контрольный № источника RU/IS/BASE/121270811
901 t Тип документа b